000 00825nam a22002177a 4500
999 _c10718
_d10718
003 AR-CdUCM
008 190401b ||||| |||| 00| 0 spa d
040 _aMUNICIPALIDAD PROVINCIAL DEL CUSCO
_cBIBLIOTECA MUNICIPAL DEL CUSCO
082 _a657 /
_bC33 / 1899
100 _aOliver CastaƱer, Emilio
_927708
245 _aPracticas de Contabilidad Comercial /
260 _aBarcelona :
_bLuis Casso,
_c1899.
300 _atomos :
_bilustraciones, graficos, dibujos,
_c27 cm.
505 _aContenido: Libro auxiliar de caja -- registro de efectos a cobrar -- efectos a negociar -- libro registro de efectos a pagar -- libros de almacen facturas de compra...
650 _aContabilidad
_910543
650 _aCalculo
_918765
650 _aComercial
_927292
650 _aCaja
_919115
942 _2ddc
_cLIBROS
945 _apjha